Biblioteca da Unidade Pastoral de Sintra

Freguesia da Terrugem (Registo nº 2540)

000 -Record Label
fixed length control field 00864nam a2200265 4500
003 - Persistent Record Identifier
control field http://porbase.bnportugal.pt/ipac20/ipac.jsp?profile=bn&uri=full=3100024!2433498!0
021 ## - Legal Deposit Number
Country Code PT
Number 296076/09
035 ## - Other System Control Numbers
System Control Number (bn)1776234
100 ## - General Processing Data
General Processing Data 20110405d2009 m d0pory5003 ba
105 ## - Coded Data Field: Textual Material, Monographic
Monograph Coded Data a z 000yy
106 ## - Coded Data Field: Textual Material - Physical Attributes
Textual Material Coded Data Physical Medium Designator r
200 1# - Title and Statement of Responsibility
Title Proper Freguesia da Terrugem
Other Title Information história e tradição
First Statement of Responsibility João Rodil
Subsequent Statement of Responsibility fot. Arquivo Municipal de Sintra, João Rodil
205 ## - Edition Statement
Edition Statement 1 ed
210 ## - Publication, Distribution, etc.
Place of Publication, Distribution, etc. Terrugem
Name of Publisher, Distributor, etc. Junta de Freguesia de Terrugem,
Date of Publication, Distribution, etc. 2009
215 ## - Physical Description
Specific Material Designation and Extent of Item 96, [2] p.
Other Physical Details il.
Dimensions 26 cm
320 ## - Internal Bibliographies/Indexes Note
Text of Note Contém bibliografia
600 ## - Personal Name Used as Subject
Entry Element João Rodil
601 ## - Corporate Body Name Used as Subject
Entry Element Junta de Freguesia de Terrugem,
675 ## - Universal Decimal Classification (UDC)
Number 908(469.411)
Edition BN
Language of Edition por
700 #1 - Personal Name - Primary Responsibility
Entry Element Rodil,
Part of Name Other than Entry Element João
712 01 - Corporate Body Name - Secondary Responsibility
Entry Element Sintra.
Subdivision Arquivo Municipal
Relator Code 600
801 #0 - Originating Source
Country PT
Agency BN
Cataloguing Rules (Descriptive Conventions) RPC
090 ## - System Control Numbers (Koha)
Koha biblioitem number (autogenerated) 2540
942 ## - ADDED ENTRY ELEMENTS (KOHA)
Koha item type Books
Exemplares
Origin of item (home branch) (free text) Type of item and material Lost status Lending or holding organisation (holding branch) code Call number (full call number) Withdrawn status Origin of item (home branch (coded) Barcode Coded location qualifier Circulation type (not for loan)
UPSBooks Biblioteca da Unidade Pastoral de Sintra908 ROD 2228 Biblioteca da Unidade Pastoral de Sintra22282018-09-21 

Powered by Koha